Museo de Arte Colonial (Record no. 586)

MARC details
000 -CABECERA
campo de control de longitud fija 00752nam a2200217 a 4500
001 - NÚMERO DE CONTROL
campo de control BRCA_680
005 - FECHA Y HORA DE LA ÚLTIMA TRANSACCIÓN
campo de control 20190320203113.0
008 - DATOS DE LONGITUD FIJA--INFORMACIÓN GENERAL
campo de control de longitud fija 190508s1985----cu-a---###---#000-0#spa-#
041 ## - CÓDIGO DE LENGUA
Código de lengua del texto/banda sonora o título independiente spa
044 ## - CÓDIGO DEL PAÍS DE LA ENTIDAD EDITORA/PRODUCTORA
Código MARC del país CU
050 #4 - SIGNATURA TOPOGRÁFICA DE LA BIBLIOTECA DEL CONGRESO
Número de clasificación N910.H33
Número de documento/Ítem .T78 1985
100 1# - ENTRADA PRINCIPAL--NOMBRE DE PERSONA
Nombre de persona Trujillo Pardo, Carmen
9 (RLIN) 2237
245 10 - MENCIÓN DE TÍTULO
Título Museo de Arte Colonial
Mención de responsabilidad, etc. Carmen Trujillo Pardo, Miriam Méndez-Plascencia y Margarita Suárez García.
260 ## - PUBLICACIÓN, DISTRIBUCIÓN, ETC.
Lugar de publicación, distribución, etc. La Habana
Nombre del editor, distribuidor, etc. Letras Cubanas
Fecha de publicación, distribución, etc. 1985
300 ## - DESCRIPCIÓN FÍSICA
Extensión 105 p.
Otras características físicas il.
Dimensiones 20 cm.
610 24 - PUNTO DE ACCESO ADICIONAL DE MATERIA--NOMBRE DE ENTIDAD CORPORATIVA
Nombre de entidad corporativa o nombre de jurisdicción como elemento de entrada Museo de Arte Colonial (La Habana)
Subdivisión general Colecciones de arte
9 (RLIN) 2238
650 14 - PUNTO DE ACCESO ADICIONAL DE MATERIA--TÉRMINO DE MATERIA
Término de materia o nombre geográfico como elemento de entrada Museos de artes decorativas
Subdivisión geográfica La Habana
9 (RLIN) 2239
700 1# - PUNTO DE ACCESO ADICIONAL--NOMBRE DE PERSONA
Nombre de persona Méndez-Plascencia, Miriam
Término indicativo de función/relación coaut.
9 (RLIN) 2240
700 1# - PUNTO DE ACCESO ADICIONAL--NOMBRE DE PERSONA
Nombre de persona Suárez García, Margarita
Término indicativo de función/relación coaut.
9 (RLIN) 2241
942 ## - ELEMENTOS DE PUNTO DE ACCESO ADICIONAL (KOHA)
Fuente del sistema de clasificación o colocación Library of Congress Classification
Tipo de ítem Koha Libros
Holdings
Estado de retiro Estado de pérdida Estado dañado No para préstamo Localización permanente Ubicación/localización actual Fecha de adquisición Total de préstamos Signatura topográfica completa Código de barras Fecha visto por última vez Precio válido a partir de Tipo de ítem Koha
El ejemplar forma parte de la colección y puede ser consultado según las políticas vigentes.       Biblioteca del Museo Franz Mayer (Rogerio Casas-Alatriste) Biblioteca del Museo Franz Mayer (Rogerio Casas-Alatriste) 25/06/2008   N910.H33 .T78 1985 01008 22/03/2019 22/03/2019 Libros